La Scrittura Cerca L'assasino E' gradito l'alibi da sera

Furkejuvvon:
Bibliográfalaš dieđut
Váldodahkki: Carlo Villa
Materiálatiipa: Girji
Giella:meroštallameahttun
Almmustuhtton: Greco
Fáddágilkorat: Lasit fáddágilkoriid
Eai fáddágilkorat, Lasit vuosttaš fáddágilkora!

MARC

LEADER 00000nam a2200000Ia 4500
001 R-591
003 CODICE-MESSINA
005 20260212102454.0
008 260211s9999 xx 000 0 und d
040 |c importazione_messina 
100 |a Carlo Villa 
245 0 |a La Scrittura Cerca L'assasino 
245 0 |b E' gradito l'alibi da sera 
260 |b Greco 
942 |2 ddc  |c BK 
952 |0 0  |1 0  |2 ddc  |4 0  |6 SCAFFALE_5_000000000000000__ROMANZI  |7 0  |9 31412  |a ME  |b ME  |d 2026-02-11  |l 0  |o SCAFFALE 5 - ROMANZI  |p R-591  |r 2026-02-11 23:52:32  |w 2026-02-11  |x [REVISIONARE]  |y BK 
999 |c 27077  |d 27077